[Event "Oklahoma HSC op 1st"]
[Site "Oklahoma"]
[Date "2004.07.11"]
[Round "4"]
[White "Strain, Milt"]
[Black "Pepper, Wilson"]
[Result "1-0"]
[WhiteElo "1659"]
[BlackElo "1043"]
[PlyCount "61"]
[EventDate "2004.07.09"]
[EventType "swiss"]
[EventRounds "5"]
[EventCountry "USA"]
[EventCategory "1"]
[SourceTitle "EXT 2006"]
[Source "ChessBase"]
[SourceDate "2005.11.24"]
[SourceVersion "1"]
[SourceVersionDate "2005.11.24"]
[SourceQuality "1"]

1. d4 Nf6 2. Nf3 e6 3. Bg5 d5 4. Nbd2 Be7 5. e3 Nbd7 6. c3 h6 7. Bh4 c6 8. Bd3 Qc7 9. Bg3 Bd6 10. Bxd6 Qxd6 11. 0-0 e5 12. dxe5 Nxe5 13. Nxe5 Qxe5 14. e4 Ng4 15. Nf3 Qd6 16. exd5 cxd5 17. Re1+ Be6 18. Qa4+ Qc6 19. Qxg4 0-0 20. Qg3 Rfe8 21. Nd4 Qb6 22. Rab1 Re7 23. Nxe6 Rxe6 24. Rxe6 Qxe6 25. h3 a6 26. Qg4 Qxg4 27. hxg4 Re8 28. Kf1 g5 29. Re1 Rd8 30. Re7 Rb8 31. Rd7 1-0

[Event "Oklahoma HSC op 1st"]
[Site "Oklahoma"]
[Date "2004.07.09"]
[Round "1"]
[White "Molton, William"]
[Black "Pepper, Wilson"]
[Result "1-0"]
[WhiteElo "1609"]
[BlackElo "1043"]
[PlyCount "63"]
[EventDate "2004.07.09"]
[EventType "swiss"]
[EventRounds "5"]
[EventCountry "USA"]
[EventCategory "1"]
[SourceTitle "EXT 2006"]
[Source "ChessBase"]
[SourceDate "2005.11.24"]
[SourceVersion "1"]
[SourceVersionDate "2005.11.24"]
[SourceQuality "1"]

1. d4 Nf6 2. Nf3 e6 3. e3 Nc6 4. c3 d5 5. Bd3 Bd6 6. Nbd2 0-0 7. 0-0 e5 8. dxe5 Nxe5 9. Nxe5 Bxe5 10. Nf3 Bd6 11. h3 Be6 12. Qc2 h6 13. Re1 Qd7 14. Nd4 Bxh3 15. Nf5 Bxg2 16. Kxg2 Kh8 17. Rh1 Ng8 18. e4 Qc6 19. Be3 Rfe8 20. f3 Re6 21. Nxd6 Qxd6 22. Rag1 Rae8 23. Bd4 c5 24. Bf2 g5 25. Bg3 Qc6 26. c4 d4 27. Qd2 Kg7 28. e5 Ne7 29. Be4 Qc7 30. f4 f6 31. exf6+ Rxf6 32. fxg5 1-0